| 000 | 00426 a2200133 4500 | ||
|---|---|---|---|
| 999 |
_c325430 _d325430 |
||
| 001 | 90357 | ||
| 003 | NUST | ||
| 082 | _a958.1047 ISB | ||
| 100 |
_aIsby David _99836 |
||
| 245 |
_aAfghanistan (Graveyard of Empires:A New History of the Borderlands) _bGraveyard of Empires:A New History of the Borderlands _hEnglish |
||
| 260 |
_aNew York _bPegasus Books _c2010 |
||
| 300 | _axxii, 440p. | ||
| 500 | _aGeneral Books | ||
| 942 |
_aCAE NUST _cBK _k958.1047 ISB _2ddc |
||